000 005500000a22001570004500
003 MACL
005 20210408131523.0
008 210408b xxu||||| |||| 00| 0 eng d
040 _cMACL
100 _aव्‍यास सत्‍यनारायण
_954996
245 _aरामायण की विभूतिया
_bश्रीरामचन्‍द्र
260 _bकिताब महल
_c1951
_aइलाहाबाद
350 _a1
650 _aचिल्‍ड्रन बुक
_9159
942 _cHIN
_k741.642
_2ddc
999 _c23222
_d23222